00321nam a2200109Ia 4500008004100000082001300041100001900054245002200073942000600095952009500101999001500196240331s9999 xx 000 0 und d a301bLIN aLindesmith,A.R 0aSocial psychology cL 001040708LaWERCLbWERCLcSSCd2024-03-31l0o 301 LINp4078r2024-03-31w2024-03-31yL c1020d1020